|
|
|
|
| LEADER |
00000nas a2200000 i 4500 |
| 001 |
ssj0019168 |
| 003 |
WaSeSS |
| 005 |
20200512172242.0 |
| 006 |
m d |
| 007 |
cr n |
| 008 |
931116c19919999at tr p s 0 0eng |
| 010 |
|
|
|a 2018207107
|z sn 95032826
|
| 022 |
|
|
|a 2204-0536
|y 1037-1656
|
| 035 |
|
|
|a (WaSeSS)ssj0019168
|
| 040 |
|
|
|a QCL
|b eng
|e pn
|c QCL
|d UX1
|d OCLCQ
|d WEA
|d OCLCF
|d OCLCO
|d OCL
|d OCLCQ
|d VT2
|d UAB
|d FIE
|d ZAC
|d U3W
|d OCLCQ
|d UOK
|d CEF
|d MOW
|d DLC
|d AU@
|d OCLCQ
|d WaSeSS
|
| 042 |
|
|
|a pcc
|
| 043 |
|
|
|a u-at---
|
| 050 |
0 |
0 |
|a HN841
|
| 082 |
0 |
4 |
|a 307.720994
|2 21
|
| 130 |
0 |
|
|a Rural society (Online)
|
| 245 |
1 |
0 |
|a Rural society
|h [electronic resource].
|
| 260 |
|
|
|a Wagga Wagga, NSW :
|b Centre for Rural Social Research, School of Humanities and Social Sciences, Charles Sturt University -- Riverina,
|c 1991-
|
| 310 |
|
|
|a Three issues a year,
|b 2010-
|
| 321 |
|
|
|a Frequency varies,
|b 1991-2009
|
| 506 |
|
|
|a License restrictions may limit access.
|
| 515 |
|
|
|a Some issues combined.
|
| 588 |
|
|
|a Description based on: Vol. 1, issue 1 (1991); title from journal cover image on homepage (publisher's Web site, viewed Nov. 16, 1993).
|
| 588 |
|
|
|a Latest issue consulted: Vol. 27, issue 2 (2018) (Taylor & Francis Online, viewed Oct. 26, 2018).
|
| 650 |
|
0 |
|a Sociology, Rural
|v Periodicals.
|
| 650 |
|
7 |
|a Rural conditions.
|2 fast
|0 (OCoLC)fst01101474
|
| 650 |
|
7 |
|a Social conditions
|2 fast
|0 (OCoLC)fst01919811
|
| 650 |
|
7 |
|a Sociology, Rural.
|2 fast
|0 (OCoLC)fst01123947
|
| 651 |
|
0 |
|a Australia
|x Rural conditions
|v Periodicals.
|
| 651 |
|
0 |
|a Australia
|x Social conditions
|v Periodicals.
|
| 651 |
|
7 |
|a Australia.
|2 fast
|0 (OCoLC)fst01204543
|
| 653 |
|
|
|a Rural and regional affairs
|
| 653 |
|
|
|a Social conditions
|
| 653 |
|
|
|a Social policy
|
| 653 |
|
|
|a Periodicals
|
| 655 |
|
0 |
|a Electronic journals.
|
| 710 |
2 |
|
|a Charles Sturt University.
|b Centre for Rural Social Research.
|
| 776 |
0 |
8 |
|i Print version:
|t Rural society
|x 1037-1656
|w (DLC)sn 95032826
|w (OCoLC)29335578
|
| 780 |
0 |
0 |
|t Rural welfare research bulletin
|
| 850 |
|
|
|a DLC
|
| 856 |
4 |
0 |
|z Full text available from Research Library: 01/01/2006 to 11/30/2017
|u https://search.proquest.com/publication/38298
|